| 000 | 01046cam a22003255a 4500 | ||
|---|---|---|---|
| 005 | 20201128013313.0 | ||
| 006 | a||||fr|||| 00| 0 | ||
| 008 | 090124t2001 xxua|||frb||| 001 0 eng d | ||
| 010 | _a2002113162 | ||
| 020 | _a0030314615 | ||
| 020 | _a003031481X (CD-ROM) | ||
| 020 | _a9780030314612 | ||
| 035 | _a(DLC) 2002113162 | ||
| 040 |
_aEG-ScBUE _beng _cEG-ScBUE |
||
| 082 | 0 | 4 |
_a658.15 _bBRI _222 |
| 100 | 1 | _aBrigham, Eugene F., | |
| 245 | 1 | 0 |
_aFundamentals of Financial Management / _cEugene F Brigham; Joel F Houston |
| 250 | _a9th ed. | ||
| 260 |
_aFort Worth : _bHarcourt College Publishers, _cc.2001. |
||
| 300 |
_a1 v. (various pagings) : _bill. ; _c26 cm. + _e1 CD-ROM (4 3/4 in.) |
||
| 490 | _aThe harcourt college publishers series in finance. | ||
| 500 | _aInclude index. | ||
| 504 | _aIncludes bibliographical references. | ||
| 590 | _adoaa mohamed | ||
| 650 | 0 |
_aCorporations _xFinance. _2BUEsh |
|
| 651 | _2BUEsh | ||
| 653 | _bBUSECO | ||
| 700 |
_aHouston, Joel F. _91832 |
||
| 942 |
_cBB _k658.15BRI _2ddc |
||
| 999 |
_c5224 _d5224 |
||